|
|
|
แสดงรายละเอียดบรรณานุกรม |
|
|
Brief Record
: Get Marc (ISO 2709)
: E-mail record
: |
| LEADER : 00000nam 2200000uu 4500 | |||
| 001 13399129220 | |||
| 003 ULIB | |||
| 008 260511s2564||||th 000 0 tha d | |||
| 020 ^a9786164220157 | |||
| 050 4 ^aPE1116.N8^bE58 | |||
| 245 0 ^aEnglish for nursing personnel /^cบรรณาธิการ อังคณา สุเมธสิทธิกุล. | |||
| 246 1 ^aEnglish for nursing personnel ภาษาอังกฤษสำหรับบุคลากรทางการพยาบาล | |||
| 246 3 ^aภาษาอังกฤษสำหรับบุคลากรทางการพยาบาล. | |||
| 246 3 ^aภาษาอังกฤษสำหรับบุคลากรทางการแพทย์ | |||
| 250 ^aพิมพ์ครั้งที่ 4. | |||
| 260 ^aกรุงเทพฯ :^bวิทยาลัยพยาบาลกองทัพบก กรมแพทย์ทหารบก,^c2564. | |||
| 300 ^a240 หน้า :^bภาพประกอบ ;^c21 cm. | |||
| 505 ^atPart 1 General conversation -- Part 2 Fundamental nursing -- Part 3 Medical and surgical nursing -- Part 4 Pediatric nursing -- Part 5 Nursing administration -- Part 6 Obstetric and gynecological nursing -- Part 7 Community health nursing -- Part 8 Mental health and psychiatric nursing. | |||
| 505 0 ^aGeneral conversation -- Fundamental nursing -- Medical and surgical nursing -- Pediatric nursing -- Nursing administration -- Obstetric and gynecological nursing -- Community health nursing -- Mental healh and psychiatric nursing. | |||
| 505 0 ^aGeneral conversation -- Fundamental nursing -- Medical and surgical nursing -- Pediatric nursing -- Nursing administration -- Obstetric and gynecological nursing -- Community health nursing -- Mental health and psychiatric nursing. | |||
| 650 4 ^aภาษาอังกฤษ^xการใช้ภาษา | |||
| 650 4 ^aภาษาอังกฤษ^xบทสนทนาและวลี | |||
| 650 4 ^aEnglish language | |||
| 650 4 ^aEnglish language | |||
| 650 4 ^aการสื่อสารทางการพยาบาล | |||
| 650 4 ^aการสื่อสารทางการแพทย์. | |||
| 650 4 ^aภาษาอังกฤษ | |||
| 650 4 ^aภาษาอังกฤษ^vบทสนทนาและวลี (สำหรับบุคลากรทางการแพทย์) | |||
| 650 4 ^aภาษาอังกฤษ^xการใช้ภาษา | |||
| 650 4 ^aภาษาอังกฤษ^xการใช้ภาษา^xพยาบาล | |||
| 650 4 ^aภาษาอังกฤษ^xบทสนทนาและวลี (สำหรับพยาบาล) | |||
| 650 4 ^aภาษาอังกฤษ^xบทสนทนาและวลี | |||
| 650 4 ^aภาษาอังกษ | |||
| 650 0 ^aภาษาอังกฤษ^xบทสนทนาและวลี (สำหรับบุคลากรทางการแพทย์) | |||
| 655 4 ^aหนังสืออิเล็กทรอนิกส์. | |||
| 658 ^aคณะพยาบาลศาสตร์. | |||
| 695 ^aHumanities and Social Sciences. | |||
| 700 0 ^aอังคณา สุเมธสิทธิกุล. | |||
| 999 ^aประนอม เกษจรัล | |||
| คุณยังไม่ได้ล็อกอิน คุณสามารถมีกิจกรรมร่วมกับเว็บไซต์ได้ แต่ต้องล็อกอินก่อน :: |
|
รายการสื่อสารสนเทศ |
| สถานะ | |||||
| 1. | หนังสือสำรอง สถานะ=หนังสือสำรอง | PE1116.N8 E58 ฉ.1 Barcode: 012215 | ►หนังสือทั่วไป | บนชั้น | |
| 2. | การศึกษาทั่วไป | PE1116.N8 E58 ฉ.2 Barcode: 012216 | ►หนังสือทั่วไป | บนชั้น | |
| 3. | การศึกษาทั่วไป | PE1116.N8 E58 ฉ.3 Barcode: 012217 | ►หนังสือทั่วไป | บนชั้น | |
| 4. | การศึกษาทั่วไป | PE1116.N8 E58 ฉ.4 Barcode: 012218 | ►หนังสือทั่วไป | บนชั้น | |
| 5. | การศึกษาทั่วไป | PE1116.N8 E58 ฉ.5 Barcode: 012219 | ►หนังสือทั่วไป | บนชั้น | |
BibComment |
| คอมเมนท์ทรัพยากรรายการนี้ |
|
| |
Copyright 2026. Bcnsprnw @Library |
|